Guía de los Pimplinae de Costa Rica (Hymenoptera:Ichneumonidae) /

Bibliographic Details
Main Author: Gauld, Ian David
Other Authors: Ugalde Gómez, Jesús A., Hanson, Paul E.
Format: Book
Language:Spanish
Language Notes:Summary in English.
Published: San José, Costa Rica : Universidad de Costa Rica, [1998]
Series:Revista de biologia tropical. Suplemento ; v. 46, suppl. 1.
Subjects:

MARC

Tag First Indicator Second Indicator Subfields
LEADER 00000cam a2200000Ia 4500
001 in00002769607
005 20150922104123.0
008 980826s1998 cr a b 001 0 spa d
035 |a (OCoLC)ocm39753098 
035 |a (OCoLC)39753098 
040 |a CAW  |c CAW  |d CUV  |d HEBIS  |d TXA  |d UtOrBLW 
041 0 |a spa  |b eng 
043 |a nccr--- 
049 |a TXAM 
090 |a QL658.I2  |b G28 1998 
100 1 |a Gauld, Ian David. 
245 1 0 |a Guía de los Pimplinae de Costa Rica (Hymenoptera:Ichneumonidae) /  |c Ian D. Gauld, Jesús A. Ugalde Gómez, Paul Hanson. 
246 3 0 |a Pimplinae de Costa Rica (Hymenoptera:Ichneumonidae) 
264 1 |a San José, Costa Rica :  |b Universidad de Costa Rica,  |c [1998] 
300 |a 189 pages :  |b illustrations ;  |c 26 cm. 
336 |a text  |b txt  |2 rdacontent 
337 |a unmediated  |b n  |2 rdamedia 
338 |a volume  |b nc  |2 rdacarrier 
490 1 |a Revista de biología tropical,  |x 0034-7744 ;  |v v. 46, suppl. 1 
500 |a Cover title. 
546 |a Summary in English. 
500 |a "Darwin Initiative." 
500 |a "Junio/June 1998." 
504 |a Includes bibliographical references (pages 141-142) and indexes. 
650 0 |a Pimplinae  |z Costa Rica  |x Identification. 
650 0 |a Ichneumonidae  |z Costa Rica  |x Identification. 
650 0 7 |a Morphologie <Biologie>.  |2 swd 
650 0 7 |a Systematik.  |2 swd 
650 0 7 |a Schlupfwespen <Familie>.  |2 swd 
651 7 |a Costa Rica.  |2 swd 
700 1 |a Ugalde Gómez, Jesús A. 
700 1 |a Hanson, Paul E. 
830 0 |a Revista de biologia tropical.  |p Suplemento ;  |v v. 46, suppl. 1. 
994 |a C0  |b TXA 
948 |a cataloged  |b h  |c 2012/8/1  |d c  |e agaffey  |f 5:39:08 pm 
999 |a MARS 
999 f f |s 5da8e2fd-e65e-3c59-9f7c-a927d39967a0  |i 1428f543-fbbe-3d48-8842-8d9e02f9f68f  |t 0 
952 f f |p ric  |a Texas A&M University  |b Rellis Campus  |c Joint Library Facility  |d Remote Storage  |t 0  |e QL658.I2 G28 1998  |h Library of Congress classification  |i unmediated -- volume  |m A14841514015 
998 f f |a QL658.I2 G28 1998  |t 0  |l Remote Storage